Loading...
| Science - Physics | 0 | 8 | 2 | 0 | 70 | 75 | 97.50 | 3 | 6 | 0.00 | 0.00 |
| Science - Chemistry | 0 | 7 | 2 | 1 | 60 | 67 | 96.43 | 2 | 5 | 0.00 | 0.00 |
| Science - Biology | 0 | 5 | 0 | 1 | 50 | 68 | 98.60 | 0 | 3 | 0.00 | 0.00 |
| Mythology | 0 | 3 | 0 | 1 | 30 | 130 | 137.00 | 0 | 1 | 0.00 | 0.00 |
| Science - Other | 0 | 4 | 2 | 2 | 30 | 115 | 125.00 | 0 | 1 | 0.00 | 0.00 |
| Philosophy | 0 | 1 | 0 | 0 | 10 | 125 | 125.00 | 0 | 1 | 0.00 | 0.00 |
| Literature - World | 0 | 1 | 0 | 0 | 10 | 147 | 147.00 | 0 | 0 | 0.00 | 0.00 |
| Religion | 0 | 1 | 1 | 0 | 5 | 128 | 128.00 | 0 | 0 | 0.00 | 0.00 |
| Fine Arts - Painting & Sculpture | 0 | 0 | 1 | 0 | -5 | 0.00 | 0 | 0 | 0.00 | 0.00 |